000 00372nam a2200145Ia 4500
008 231129s2002||||xx |||||||||||||| ||spa||
020 _a958-9249-60-4
040 _bspa
082 _a(i) 986.132 S211p
100 _aSanchez Arenas Ricardo
245 0 _aPereira 1875-1935
260 _c2002
264 _aPapiro
942 _2ddc
_cBKS
999 _c22632
_d22632